000
00209 a2200097 4500
001
45880
100
_a
Narayan R
245
_a
Under the banyan tree
260
_a
London
_b
Heinemann
_c
090
_c
28979
_d
28979
942
_a
NUST-CAE
_c
M
_c
21089
999
_c
280953
_d
280953